000 02882nam a2200373 a 4500
001 ebr10667437
003 CaPaEBR
006 m u
007 cr cn|||||||||
008 130130s2013 njua sb 001 0 eng d
010 _z 2012050385
020 _z9780470656785 (cloth : alk. paper)
020 _z9780470656839 (pbk. : alk. paper)
020 _z9781118545201 (e-book)
040 _aCaPaEBR
_cCaPaEBR
035 _a(OCoLC)828868882
050 1 4 _aPN1009.A1
_bW296 2013eb
082 0 4 _a809/.89282
_223
100 1 _aWartenberg, Thomas E.
245 1 2 _aA sneetch is a sneetch and other philosophical discoveries
_h[electronic resource] :
_bfinding wisdom in children's literature /
_cThomas E. Wartenberg ; illustrations by Joy Kinigstein.
260 _aHoboken :
_bJohn Wiley,
_c2013.
300 _ax, 164 p. :
_bill.
504 _aIncludes bibliographical references and index.
505 0 _aHarold and the purple crayon: can you get wet swimming in an imaginary ocean? -- The important book: is a leopard without its spots still a leopard? -- Shrek!: could a dead skunk smell good? -- Let's do nothing: can you just do nothing at all? -- Knuffle Bunny: how do you know I'm angry if I don't say so? -- Many moons: do experts really know more? -- Yellow and pink: could human life have arisen purely by chance? -- Morris the Moose: how do you know when you've made a mistake? -- Emily's art: what's the difference between saying the Mona Lisa is a great painting and vanilla is your favorite flavor? -- Miss Nelson is missing!: is it okay for adults to deceive kids? -- The giving tree: how can it be wrong to give someone what they want? -- "Cookies": what good is having will-power if you don't have any more cookies? -- Frederick: can you enjoy doing something even if it's work? -- The sneetches: isn't it all right to discriminate in choosing your friends? -- The paper bag princess: what's wrong with "living happily ever after"? -- The big orange splot: is there anything wrong with conformity? -- Taking picture books seriously -- MS 1: who's who: thumbnail biographies of the philosophers -- MS 2: what's what: key philosophical terms -- MS 3: next steps: even more philosophical picture books -- MS 4: next steps: digger deeper into philosophy.
533 _aElectronic reproduction.
_bPalo Alto, Calif. :
_cebrary,
_d2013.
_nAvailable via World Wide Web.
_nAccess may be limited to ebrary affiliated libraries.
650 0 _aChildren's literature
_xHistory and criticism.
650 0 _aPhilosophy in literature.
650 0 _aChildren
_xBooks and reading.
650 0 _aKnowledge, Theory of, in literature.
655 7 _aElectronic books.
_2local
700 1 _aKinigstein, Joy.
710 2 _aebrary, Inc.
856 4 0 _uhttp://site.ebrary.com/lib/rucke/Doc?id=10667437
_zAn electronic book accessible through the World Wide Web; click to view
999 _c61372
_d61372